|
|
|
|
| LEADER |
00907nab a2200217 i 4500 |
| 001 |
misc74662 |
| 005 |
20240513082822.0 |
| 008 |
240208s2010 hu o 000 hun d |
| 040 |
|
|
|a SZTE Miscellanea Repozitórium
|b hun
|
| 041 |
|
|
|a hun
|
| 100 |
2 |
|
|a Katona-Kiss Attila
|
| 245 |
1 |
2 |
|a A Bolgár Kánság és a Kárpát-medence a IX. században
|h [elektronikus dokumentum] /
|c Katona-Kiss Attila
|
| 260 |
|
|
|c 2010
|
| 300 |
|
|
|a 44
|c 25 cm
|
| 490 |
0 |
|
|a Hadtörténelmi közlemények : évnegyedes folyóirat a magyar hadi történetírás fejlesztésére : a Hadtörténeti Intézet és Múzeum folyóirata
|
| 561 |
|
|
|a Németh Gyula hagyaték
|
| 591 |
|
|
|a OA 6669
|
| 650 |
|
4 |
|a Bölcsészettudományok
|
| 650 |
|
4 |
|a Történettudomány és régészet
|
| 695 |
|
|
|a Bolgárok története - 9. sz., Kárpát-medence története - 9. sz.
|
| 856 |
4 |
0 |
|u http://misc.bibl.u-szeged.hu/74662/1/6669_oa.pdf
|z Dokumentum-elérés
|